A dog who's always welcome : assistance and therapy dog trainers teach you how to socialize and train your companion dog

Bibliographic Details
Main Author: Long, Lorie
Format: Book
Published: NJ : Wiley Publishing , 2008
Subjects:

MARC

LEADER 00000cam a2200000 7i4500
001 0000030986
005 20110504.0
008 110504
020 |a 0470142486 
090 0 0 |a 636.70887   |b LON 
100 1 |a Long, Lorie 
245 1 2 |a A dog who's always welcome :   |b assistance and therapy dog trainers teach you how to socialize and train your companion dog   |c Lorie Long 
260 |a NJ :   |b Wiley Publishing ,   |c 2008 
650 0 |a Dogs   |x Behaviour 
650 0 |a Dogs   |x Social aspects 
650 0 |a Dogs   |x Training 
999 |a 0001060616   |b Book   |c Adult Collection   |e Perbadanan Perpustakaan Awam Johor